| 000 | 00674nac a22001691u 4500 | ||
|---|---|---|---|
| 008 | 100907t xxu||||| |||| 00| 0 eng d | ||
| 020 | _a8120323157 | ||
| 082 |
_a620.00151535 _bSES |
||
| 100 |
_aSeshu, P. _918583 |
||
| 245 |
_aTextbook of Finite Element Analysis / _cP. Seshu |
||
| 260 |
_aNew Delhi : _bPrentice-Hall of India, _c2003 |
||
| 300 |
_a330 p. : _bill. ; _c24 cm. |
||
| 500 | _aIncludes index. | ||
| 650 |
_aFinite element method. _918584 |
||
| 942 |
_cBB _k620.00151535 SES _2ddc |
||
| 999 |
_c787 _d787 |
||